000 01233nam0a22003131 4500
001 rc\2812872
005 20250806210832.0
035 _a(NLR Aleph) 006938689
090 _a36261
_c36261
100 _a20110915d1944 u y0rusy50 ca
101 0 _arus
102 _aRU
105 _aa z |||c|
200 1 _aБратья Игнатовы
_e[Очерк о партизанах, Героях Советского Союза]
_fП. К. Игнатов
_gЛит. ред. и обр. П. Лопатина
210 _a[Москва]
_cМол. гвардия
_d1944
215 _a88 с.
_cил.
_d16 см.
225 1 _aГерои Отечественной войны
700 1 _aИгнатов
_bП.К.
_f1894-1894
_gПетр Карпович
702 1 _aЛопатин
_bП.И.
_gПавел Иванович
_4340
702 1 _aИгнатов
_bГ. П.
_f1925-1942
_gГеннадий Петрович
_4570
702 1 _aИгнатов
_bЕ. П.
_f1915-1942
_gЕвгений Петрович
_4570
801 0 _aRU
_bNLR
_gpsbo
801 1 _aRU
_bELAR
_2rusmarc
852 _aNLR
_jЛ30 Г-2/681
942 _cBOOK
945 _aРоссийская национальная библиотека
980 _aNB
980 _aBV